Loading...
| Literature - European | 0 | 5 | 0 | 1 | 50 | 55 | 93.40 | 0 | 1 | 10.98 | 18.00 |
| Social Science | 0 | 3 | 0 | 2 | 30 | 62 | 80.67 | 0 | 1 | 9.40 | 11.43 |
| Literature - American | 0 | 3 | 0 | 1 | 30 | 86 | 104.67 | 0 | 2 | 2.54 | 10.00 |
| Fine Arts - Other | 0 | 2 | 0 | 0 | 20 | 38 | 77.00 | 1 | 1 | 7.53 | 12.00 |
| Literature - British | 0 | 2 | 0 | 0 | 20 | 67 | 79.50 | 0 | 2 | 5.95 | 16.00 |
| Mythology | 0 | 2 | 0 | 0 | 20 | 59 | 66.00 | 0 | 1 | 8.24 | 10.00 |
| Popular Culture | 0 | 1 | 0 | 0 | 10 | 114 | 114.00 | 0 | 1 | 0.83 | 11.43 |
| Fine Arts - Classical Music | 0 | 1 | 0 | 0 | 10 | 116 | 116.00 | 0 | 0 | 0.17 | 2.00 |
| History - American | 0 | 1 | 0 | 0 | 10 | 90 | 90.00 | 0 | 0 | 1.82 | 2.00 |
| Literature - World | 0 | 1 | 0 | 0 | 10 | 82 | 82.00 | 1 | 1 | 2.87 | 10.00 |
| Philosophy | 0 | 1 | 0 | 0 | 10 | 106 | 106.00 | 0 | 1 | 0.00 | 2.86 |